Peña Gómez : (Registro nro. 7638)

Detalles MARC
000 -LEADER
fixed length control field 01130nam a2200337 a 4500
001 - CONTROL NUMBER
control field 000014111
003 - CONTROL NUMBER IDENTIFIER
control field DO-SdBNP
005 - DATE AND TIME OF LATEST TRANSACTION
control field 20150709140042.0
007 - PHYSICAL DESCRIPTION FIXED FIELD--GENERAL INFORMATION
fixed length control field 000014111
008 - FIXED-LENGTH DATA ELEMENTS--GENERAL INFORMATION
fixed length control field 091204t2006 dr a 001 0bspa d
020 ## - INTERNATIONAL STANDARD BOOK NUMBER
International Standard Book Number 9993476617
040 ## - CATALOGING SOURCE
Original cataloging agency BPMET
Language of cataloging spa
Transcribing agency BPMET
092 ## - LOCALLY ASSIGNED DEWEY CALL NUMBER (OCLC)
Classification number 923.27293
Item number P349s
100 1# - MAIN ENTRY--PERSONAL NAME
Personal name Santana, Osvaldo
245 10 - TITLE STATEMENT
Title Peña Gómez :
Remainder of title sus orígenes /
Statement of responsibility, etc. Osvaldo Santana ; ilustaciones Ramiro Manzano, José Manuel Rodríguez.
250 ## - EDITION STATEMENT
Edition statement 2a. ed.
260 ## - PUBLICATION, DISTRIBUTION, ETC. (IMPRINT)
Place of publication, distribution, etc. Santo Domingo :
Name of publisher, distributor, etc. Tobogán,
Date of publication, distribution, etc. 2006
300 ## - PHYSICAL DESCRIPTION
Extent 100 p. :
Other physical details il. ;
Dimensions 21 cm.
490 1# - SERIES STATEMENT
Series statement Biografías Dominicanas Tobogán
600 14 - SUBJECT ADDED ENTRY--PERSONAL NAME
Personal name PEÑA GÓMEZ, JOSÉ FRANCISCO,
Dates associated with a name 1937-1998
650 #4 - SUBJECT ADDED ENTRY--TOPICAL TERM
Topical term or geographic name as entry element POLÍTICOS
Geographic subdivision REPÚBLICA DOMINICANA
651 #4 - SUBJECT ADDED ENTRY--GEOGRAPHIC NAME
Geographic name REPÚBLICA DOMINICANA
General subdivision HISTORIA
700 1# - ADDED ENTRY--PERSONAL NAME
Personal name Manzano, Ramiro,
Relator term il.
700 1# - ADDED ENTRY--PERSONAL NAME
Personal name Rodríguez, José Manuel,
Relator term il.
830 #0 - SERIES ADDED ENTRY--UNIFORM TITLE
Uniform title Biografías Dominicanas Tobogán
910 ## - USER-OPTION DATA (OCLC)
User-option data Validado. Control de calidad EMS.
930 #1 - EQUIVALENCE OR CROSS-REFERENCE-UNIFORM TITLE HEADING [LOCAL, CANADA]
Language of a work BND01
Medium of performance for music LF1
Field link and sequence number 20091204
Date of a work 04
Name of part/section of a work HD
Miscellaneous information 8994
942 ## - ADDED ENTRY ELEMENTS (KOHA)
Source of classification or shelving scheme Dewey Decimal Classification
Koha item type Libros
956 ## - LOCAL ELECTRONIC LOCATION AND ACCESS (OCLC)
Host name BTAVAREZ
Access number 10
Compression information 20091208
Logon BND01
Processor of request 1514
956 ## - LOCAL ELECTRONIC LOCATION AND ACCESS (OCLC)
Host name VMATEO
Access number 10
Compression information 20150415
Logon BND01
Processor of request 00151
Existencias
Withdrawn status Lost status Source of classification or shelving scheme Damaged status Not for loan Collection code Home library Current library Date acquired Total Checkouts Barcode Date last seen Price effective from Koha item type
    Dewey Decimal Classification       Biblioteca Pública Metropolitana Salomé Ureña Biblioteca Pública Metropolitana Salomé Ureña 04/15/2015   BPMET15041262 04/15/2015 04/15/2015 Libros